|
|
|
|
| LEADER |
00000nam a22000007a 4500 |
| 005 |
2022041808268.0 |
| 007 |
cr|||| |||| |
| 008 |
220418s2020 eu |||||s|||| 00||0 eng d |
| 020 |
|
|
|a 978-92-95217-63-8
|
| 035 |
|
|
|a 34653
|
| 040 |
|
|
|a vLex
|
| 090 |
|
|
|c 13195
|d 13195
|
| 245 |
0 |
0 |
|a Eurodac
|h [Recurso electrn̤ico] :
|b 2019 annual report: July 2020
|
| 256 |
|
|
|a Servicio en ln̕ea
|
| 260 |
|
|
|a Bruselas:
|b European Union Publications Office,
|c 2020
|
| 300 |
|
|
|a 1 recurso electrn̤ico
|
| 500 |
|
|
|a This report, pursuant to Article 40(1) of the Eurodac Regulation, covers the operational management activities carried out in 2018 by eu-LISA, including developments in the areas of security and data protection. Moreover, the report provides an overview of statistical data on the usage of the system by Member States. The current, 16th, Eurodac annual report is submitted to the European Parliament, the Council, the Commission and the European Data Protection Supervisor, as per the legal provisions. In addition, and complementary to the Eurodac annual report, eu-LISA also publishes the Annual statistics of Eurodac, as per Article 8(2) of the Eurodac Regulation, and the annual List of designated authorities which have access to Eurodac for asylum purposes, as per Article 27(2).
|
| 506 |
1 |
|
|a Disponible solo en los productos indicados
|d vLex Global
|d vLex Global (Academic Edition, excluding Law Schools)
|d vLex Global (U.S. Academic Edition, Law Schools)
|d vLex Global (U.S. Academic Edition, excluding Law Schools)
|d vLex Global (Academic Edition, Law Schools)
|
| 650 |
0 |
4 |
|a Derecho Comunitario
|z Unin̤ Europea
|
| 740 |
0 |
|
|a vLex Libros (Servicio en ln̕ea)
|
| 856 |
4 |
0 |
|u https://app.vlex.com/#/sources/34653
|z Acceso restringido
|
| 942 |
|
|
|c BOOK
|
| 999 |
0 |
|
|a Community Law
|